| 000 | 01427cam a22003495i 4500 | ||
|---|---|---|---|
| 001 | 17798332 | ||
| 003 | Nust- CAS-E0 | ||
| 005 | 20180118181400.0 | ||
| 008 | 130701s2012 sz a b 101 0 eng d | ||
| 010 | _a 2013426139 | ||
| 016 | 7 |
_a016167136 _2Uk |
|
| 020 | _a9783037854617 | ||
| 020 | _a3037854618 | ||
| 020 | _z9771013982607 | ||
| 035 | _a(OCoLC)ocn823140360 | ||
| 040 |
_aLHL _beng _cLHL _dBTCTA _dYDXCP _dOCLCO _dUKMGB _dBWX _dDLC _erda |
||
| 042 | _alccopycat | ||
| 050 | 0 | 0 |
_aTJ807 _b.M38 2012 |
| 082 |
_a621.042 _bMAT 2012 |
||
| 245 | 0 | 0 |
_aMaterials for energy conversion and storage : _bselected, peer reviewed papers from the 2012 International Workshop on Materials for Energy Conversion and Storage, March 23-25, 2012, Shenzhen, China / _cedited by Huayu Zhang. |
| 300 |
_ax, 313 pages : _billustrations ; _c24 cm. |
||
| 490 | 1 |
_aKey engineering materials, _x1013-9826 ; _v519 |
|
| 504 | _aIncludes bibliographical references and index. | ||
| 650 | 0 |
_aRenewable energy sources _vCongresses. |
|
| 650 | 0 |
_aPower resources _vCongresses. |
|
| 700 | 1 |
_aZhang, Huaya, _cProf. |
|
| 711 | 2 |
_aInternational Workshop on Materials for Energy Conversion and Storage _d(2012 : _cShenzhen, China) |
|
| 830 | 0 |
_aKey engineering materials ; _v519. |
|
| 906 |
_a7 _bcbc _ccopycat _d2 _encip _f20 _gy-gencatlg |
||
| 942 |
_2ddc _cBK |
||
| 999 |
_c355399 _d355399 |
||